TB.OF FORENSIC MEDICINE AND TOXICOLOGY PRINCIPLES AND PRACTICE (Record no. 15096)

MARC details
000 -LEADER
fixed length control field 00298nam a22001217a 4500
003 - CONTROL NUMBER IDENTIFIER
control field SGT
082 ## - DEWEY DECIMAL CLASSIFICATION NUMBER
Classification number 614
Item number F14V
100 ## - MAIN ENTRY--PERSONAL NAME
Personal name VIJ, KRISHAN
245 ## - TITLE STATEMENT
Title TB.OF FORENSIC MEDICINE AND TOXICOLOGY PRINCIPLES AND PRACTICE
260 ## - PUBLICATION, DISTRIBUTION, ETC. (IMPRINT)
Place of publication, distribution, etc INDIA
Name of publisher, distributor, etc ELSEVIER PUB
Year of Publication 2014
300 ## - PAGE DESCRIPTION
No. of Pages 538
942 ## - ADDED ENTRY ELEMENTS (KOHA)
Source of classification or shelving scheme Dewey Decimal Classification
Koha item type Books
942 ## - ADDED ENTRY ELEMENTS (KOHA)
-- 1
Holdings
Withdrawn status Lost status Source of classification or shelving scheme Damaged status Not for loan Collection code Home library Current library Shelving location Date acquired Vendor Name Cost, normal purchase price SGTU Bill Number Total Checkouts Full call number Accession No. (Barcode) Date last seen Bill Date Koha item type Date last borrowed
    Dewey Decimal Classification     MEDICAL SGT Medical Library SGT Medical Library Text Book 05/02/2018 ABC 675.00 SGTU 8923   614 F14V FM10511 05/02/2018 06/12/2017 Books  
    Dewey Decimal Classification     MEDICAL SGT Medical Library SGT Medical Library Text Book 05/02/2018 ABC 675.00 SGTU 8923   614 F14V FM10512 05/02/2018 06/12/2017 Books  
    Dewey Decimal Classification     MEDICAL SGT Medical Library SGT Medical Library Text Book 05/02/2018 ABC 675.00 SGTU 8923 1 614 F14V FM10513 24/02/2023 06/12/2017 Books 13/02/2023
    Dewey Decimal Classification     MEDICAL SGT Medical Library SGT Medical Library Text Book 05/02/2018 ABC 675.00 SGTU 8923   614 F14V FM10514 05/02/2018 06/12/2017 Books  
    Dewey Decimal Classification     MEDICAL SGT Medical Library SGT Medical Library Text Book 05/02/2018 ABC 675.00 SGTU 8923   614 F14V FM10515 05/02/2018 06/12/2017 Books